100 joueurs colombiens avec la plus grosse valeur marchande - Statistiques

Statistiques générales
  • Ce quiz a été pris 35 fois
  • Le résultat moyen est 18 sur 100
Statistiques - réponses
Club Prix Réponse % Correct
Liverpool 75 millions Luis Diaz
94%
FC Sao Paulo 6 millions James Rodriguez
84%
Santos Laguna 2,3 millions Emerson Rodriguez
68%
Inter Milan 4 millions Juan Cuadrado
61%
Galatasaray 15 millions Davinson Sanchez
58%
Torino 8 millions Duvan Zapata
58%
Rayo Vallecano 2 millions Radamel Falcao
55%
Atalanta 5 millions Luis Muriel
48%
Crystal Palace 20 millions Jefferson Lerma
45%
Al-Nassr 3 millions David Ospina
39%
Aston Villa 12 millions Jhon Duran
39%
Columbus Crew 10 millions Cucho Hernandez
35%
RC Lens 4 millions Deiver Machado
35%
Al-Sadd 6 millions Mateus Uribe
35%
Fiorentina 10 millions Yerry Mina
35%
KRC Genk 9 millions Daniel Munoz
32%
Fluminense 8 millions Jhon Arias
32%
Racing Club 2,5 millions Juan Fernando Quintero
32%
Deportes Tolima 1,4 millions Junior Hernandez
32%
FC Cincinnati 2,5 millions Santiago Arias
32%
Bournemouth 22 millions Luis Sinisterra
29%
Racing Club 1,5 millions Roger Martinez
29%
Zenith St-Petersbourg 18 millions Wilmar Barrios
29%
Palmeiras 2,5 millions Richard Rios
26%
Real Salt Lake 3,5 millions Carlos Andres Gomez
23%
RC Lens 4,2 millions Oscar Cortes
23%
FC Metz 5 millions Oscar Estupinan
23%
Coritiba 2 millions Sebastian Gomez
23%
Club Atlas 1,8 millions Camilo Vargas
19%
Braga 2 millions Cristian Borja
19%
Los Angeles FC 2,5 millions Jesus Murillo
19%
FK Krasnodar 11 millions Jhon Cordoba
19%
Bologne 12 millions Jhon Lucumi
19%
Charlotte FC 1,5 millions Kerwin Vargas
19%
Almeria 8 millions Luis Suarez
19%
River Plate 4,5 millions Miguel Borja
19%
CF Monterrey 3,2 millions Stefan Medina
19%
Al-Wasl 1,3 millions Alexis Perez
16%
Millonarios 2,6 millions Alvaro Montero
16%
Deportivo Toluca 1,5 millions Andres Mosquera
16%
KRC Genk 8 millions Carlos Cuesta
16%
Portland Timbers 1,5 millions Dairon Asprilla
16%
RB Bragantino 1,5 millions Henry Mosquera
16%
Osasuna 3 millions Johan Mojica
16%
Dynamo Moscou 7 millions Jorge Carrascal
16%
Portland Timbers 2 millions Juan David Mosquera
16%
Werder Breme 9 millions Rafael Borré
16%
CA San Lorenzo 1,8 millions Rafael Perez
16%
Boavista 2 millions Seba Perez
16%
Watford 4,5 millions Yaser Asprilla
16%
FC Cincinnati 3 millions Yerson Mosquera
16%
Santos FC 6 millions Alfredo Morelos
13%
Junior FC 2,5 millions Deiber Caicedo
13%
Al-Shabab 5 millions Gustavo Cuellar
13%
Zenith St-Petersbourg 3,5 millions Mateo Cassierra
13%
Minnesota United 1,5 millions Mender Garcia
13%
Club Leon 1,8 millions Omar Fernandez
13%
Portland Timbers 2,5 millions Santiago Moreno
13%
Standard De Liège 4 millions Steven Alzate
13%
Independiente Medellin 3,5 millions Yairo Moreno
13%
Club Bruges 2 millions Eder Balanta
10%
Bayer Leverkusen 1,5 millions Gustavo Puerta
10%
Club Tijuana 1,8 millions Kevin Balanta
10%
Atletico National 3,2 millions Kevin Mier
10%
Girona FC 1,5 millions Bernardo Espinosa
6%
Rosario Central 4 millions Jaminton Campaz
6%
Hellas Verone 2,5 millions Juan Cabal
6%
CD Cruz Azul 1,8 millions Kevin Castano
6%
Millonarios 2,6 millions Andres Llinas
3%
Club Tijuana 2 millions Christian Rivera
3%
Real Salt Lake 5,5 millions Cristian Arango
3%
Millonarios 4 millions Daniel Ruiz Rivera
3%
Al-Ahli SC 1,5 millions Danilo Arboleda
3%
Santos Laguna 2 millions Duvan Vergara
3%
Palmeiras 2 millions Eduard Atuesta
3%
Santos Laguna 5 millions Harold Preciado
3%
Racing Club 4 millions Johan Carbonero
3%
Tigres UANL 2,5 millions Luis Quinones
3%
CD Cruz Azul 4 millions Willer Ditta
3%
Atletico Nacional 2 millions Andres Felipe Roman
0%
Puebla FC 1,5 millions Brayan Angulo
0%
Chicago Fire 2 millions Carlos Teran
0%
DC United 1,5 millions Cristian Dajome
0%
FC Juarez 5,5 millions Diego Valoyes
0%
New England Revolution 3,5 millions Dylan Borrero
0%
Los Angeles FC 3 millions Eddie Segura
0%
Orlando City 1,5 millions Ivan Angulo
0%
FC Dallas 1,5 millions Jader Obrian
0%
Boca Juniors 1,5 millions Jorman Campuazo
0%
Hansa Rostock 2 millions Juan-José Perea
0%
Sporting Gijon 2,5 millions Juan Otero
0%
America De Cali 1,6 millions Juan Portilla
0%
Al-Nasr SC 3 millions Kevin Agudelo
0%
CA Talleres 2,5 millions Kevin Mantilla
0%
Atletico Nacional 1,3 millions Nelson Deossa
0%
Mazatlan FC 3,5 millions Nicolas Benedetti
0%
Club Leon 3,2 millions Stiven Barreiro
0%
Santos FC 1,2 millions Stiven Mendoza
0%
Seattle Sounders 3,5 millions Yeimar Gomez Andrade
0%
Deportes Tolima 1,3 millions Yeison Guzman
0%
Aucun quiz correspondant
Distribution des résultats
% des personnes avec chaque résultat
Percentile par nombre de réponses
Votre historique - résultats
Vous n’avez pas pris ce quiz